[Event "World op 40th"]
[Site "Philadelphia"]
[Date "2012.07.08"]
[Round "9"]
[White "Shulman, Yuri"]
[Black "So, Wesley"]
[Result "1/2-1/2"]
[WhiteElo "2588"]
[BlackElo "2650"]
[PlyCount "54"]
[EventDate "2012.07.03"]
[EventType "swiss"]
[EventRounds "9"]
[EventCountry "USA"]
[SourceTitle "CBM 149 Extra"]
[Source "ChessBase"]
[SourceDate "2012.08.24"]
[SourceVersion "1"]
[SourceVersionDate "2012.08.24"]
[SourceQuality "1"]

1. d4 Nf6 2. c4 e6 3. Nc3 Bb4 4. e3 0-0 5. Bd3 d5 6. Nf3 c5 7. 0-0 cxd4 8. exd4 dxc4 9. Bxc4 a6 10. Bg5 b5 11. Bb3 Bb7 12. Qe2 Bxc3 13. bxc3 Nbd7 14. Ne5 Qc7 15. Nxd7 Nxd7 16. c4 bxc4 17. Bxc4 Qc6 18. f3 Qd6 19. Qd2 Bd5 20. Be2 Rfc8 21. Rfc1 Qa3 22. Bf4 Rxc1+ 23. Rxc1 Qxa2 24. Qxa2 Bxa2 25. Ra1 Bd5 26. Rxa6 Rxa6 27. Bxa6 h6 1/2-1/2